| 000 | 00661nam a2200229Ia 4500 | ||
|---|---|---|---|
| 003 | OSt | ||
| 005 | 20230511100352.0 | ||
| 008 | 210423s2014 xx 000 0 und d | ||
| 020 | _a978-1-107-62896-0 | ||
| 040 | _cAL | ||
| 041 | _aeng | ||
| 082 | _a809.9336 WESC | ||
| 100 |
_aWESTLING (Louise) Ed _9102291 |
||
| 245 | _aCambridge companion to literature and the environment | ||
| 260 |
_aNew York _bCambridge University Press _c2014 |
||
| 300 |
_axiii,266p _bPB |
||
| 365 |
_b1771.77 _cGBP |
||
| 650 |
_aHistory of Literature _9102292 |
||
| 650 |
_aLiterature _9102293 |
||
| 906 | _aCambridge ; companion ; environment ; literature | ||
| 942 |
_2ddc _cBK |
||
| 999 |
_c165835 _d165835 |
||